[Event "23rd Hoogeveen op"]
[Site "Hoogeveen NED"]
[Date "2019.10.24"]
[Round "7.28"]
[White "Faber, Hugo"]
[Black "Albers, Sasa"]
[Result "1/2-1/2"]
[WhiteElo "2077"]
[BlackElo "1975"]
[EventDate "2019.10.19"]
[PlyCount "108"]

1.e4 c6 2.d4 d5 3.exd5 cxd5 4.c4 Nf6 5.Nc3 Nc6 6.Bg5 Be6 7.Bxf6 exf6 8.a3 
g6 9.Nf3 Bg7 10.Be2 O-O 11.O-O f5 12.Qd2 Rc8 13.Rad1 Qd7 14.c5 b6 15.b4 
bxc5 16.bxc5 Rb8 17.Qc2 Rfd8 18.Qa4 Ne7 19.Bb5 Qc7 20.Rfe1 Bf6 21.Ne5 Bxe5
22.Rxe5 Kg7 23.Rde1 Ng8 24.f3 Nf6 25.g3 h5 26.Qa6 h4 27.Kg2 hxg3 28.hxg3 
Rh8 29.R1e2 f4 30.Rxe6 fxe6 31.Rxe6 Qf7 32.Qd6 Rhd8 33.Qe5 Rb7 34.g4 a6 
35.g5 axb5 36.Rxf6 Qc7 37.Rd6+ Kh7 38.Nxd5 Qa5 39.Rxd8 Qxd8 40.Nf6+ Kg7 
41.Nd7+ Kh7 42.c6 Rxd7 43.cxd7 Qxd7 44.Qxf4 Qe7 45.Qe5 Qxa3 46.Qxb5 Qa2+ 
47.Kg3 Qa7 48.Qe5 Kg8 49.d5 Qg1+ 50.Kf4 Qh2+ 51.Ke4 Qe2+ 52.Kd4 Qb2+ 53.
Ke4 Qe2+ 54.Kf4 Qh2+ 1/2-1/2

[Event "23rd Hoogeveen op"]
[Site "Hoogeveen NED"]
[Date "2019.10.24"]
[Round "7.31"]
[White "Taams, Sander"]
[Black "Boer, Bas De"]
[Result "1/2-1/2"]
[WhiteElo "2094"]
[BlackElo "2142"]
[EventDate "2019.10.19"]
[PlyCount "166"]

1.e4 c5 2.Nf3 e6 3.Nc3 Nc6 4.Bb5 Nd4 5.Bd3 a6 6.O-O b5 7.b3 Bb7 8.Bb2 Nf6 
9.Nxd4 cxd4 10.Ne2 e5 11.f4 d6 12.Ng3 h5 13.Qe2 h4 14.Nf5 g6 15.Nxd4 exd4 
16.e5 dxe5 17.fxe5 Nh5 18.e6 f5 19.Bxb5+ Ke7 20.Bd7 Qa5 21.Bxd4 Bg7 22.
Bxg7 Nxg7 23.Qe3 Rh5 24.c4 Ne8 25.Bxe8 Rxe8 26.d4 Be4 27.d5 Rc8 28.Rad1 
Rhh8 29.Qa7+ Kd6 30.Qd7+ Ke5 31.Qg7+ Kd6 32.h3 Qc7 33.Qf6 Qe7 34.Qb2 Qc7 
35.Qf6 Rcf8 36.Qb2 Rc8 37.Rc1 Qc5+ 38.Kh1 a5 39.Rfe1 Rhf8 40.Qd2 g5 41.
Qxg5 Qf2 42.Rf1 Qg3 43.Qxg3+ hxg3 44.Rfe1 Rh8 45.Kg1 Ke5 46.Rc3 Rhg8 47.
Rce3 Rb8 48.Kf1 Rb7 49.R1e2 Kd4 50.d6 Ke5 51.e7 Kxd6 52.Rxg3 Re8 53.Rd2+ 
Kc5 54.Rg5 Rbxe7 55.g4 Kb4 56.gxf5 Kc3 57.Rf2 Bc6 58.Rg3+ Kb4 59.Rd2 Re1+ 
60.Kf2 Rh1 61.Rgd3 Rf8 62.Ke3 Rxf5 63.Kd4 Ra1 64.Rg3 Rh5 65.Rg8 Rh4+ 66.
Ke5 Kc5 67.Rg5 Re1+ 68.Kf6+ Kb4 69.a3+ Kxa3 70.Rxa5+ Kxb3 71.Rd3+ Kxc4 72.
Rg3 Rf4+ 73.Kg5 Rfe4 74.Rg4 Rxg4+ 75.hxg4 Kd4 76.Ra6 Bd5 77.Kg6 Ke5 78.Ra5
Rg1 79.Kg5 Rh1 80.Kg6 Rh8 81.g5 Rg8+ 82.Kh6 Kd4 83.g6 Ke5 1/2-1/2

[Event "23rd Hoogeveen op"]
[Site "Hoogeveen NED"]
[Date "2019.10.24"]
[Round "7.32"]
[White "Nicolai, Amir"]
[Black "Gijsen, William"]
[Result "1-0"]
[WhiteElo "2117"]
[BlackElo "2091"]
[EventDate "2019.10.19"]
[PlyCount "47"]

1.b4 e5 2.a3 d5 3.Bb2 Bd6 4.c4 dxc4 5.e3 Be6 6.Qc2 Nd7 7.Nf3 b5 8.d3 Bf5 
9.e4 cxd3 10.Bxd3 Bg4 11.Bxb5 Bxf3 12.gxf3 Nf6 13.Nd2 O-O 14.Nc4 Rb8 15.
Bc6 Qe7 16.O-O-O Nb6 17.Ne3 Qe6 18.Rhg1 Rfd8 19.f4 exf4 20.Bd5 Nbxd5 21.
exd5 Qh3 22.Bxf6 fxe3 23.Rxg7+ Kf8 24.Rxh7 1-0

[Event "23rd Hoogeveen op"]
[Site "Hoogeveen NED"]
[Date "2019.10.24"]
[Round "7.35"]
[White "Mijnster, Niels"]
[Black "Van der Veen, Jan"]
[Result "1/2-1/2"]
[WhiteElo "2145"]
[BlackElo "2043"]
[EventDate "2019.10.19"]
[PlyCount "71"]

1.d4 Nf6 2.c4 d6 3.Nf3 g6 4.Nc3 Bg7 5.e4 O-O 6.Be2 e5 7.dxe5 dxe5 8.O-O 
Nbd7 9.Qc2 c6 10.h3 h6 11.Be3 Nh5 12.Rfd1 Nf4 13.Bf1 Qf6 14.g3 Ne6 15.Be2 
Re8 16.b4 a5 17.b5 Ndc5 18.bxc6 bxc6 19.Rab1 Rd8 20.Nd5 cxd5 21.cxd5 Ba6 
22.dxe6 Nxe6 23.Rxd8+ Qxd8 24.Bb6 Qd7 25.Bxa6 Rxa6 26.Kg2 Ra8 27.Rd1 Qb7 
28.Be3 Rc8 29.Qb1 Qxb1 30.Rxb1 Rc2 31.Rb8+ Kh7 32.Rb5 Rxa2 33.Nxe5 Nc7 34.
Rc5 Ne6 35.Rd5 Nc7 36.Rc5 1/2-1/2

[Event "23rd Hoogeveen op"]
[Site "Hoogeveen NED"]
[Date "2019.10.25"]
[Round "8.1"]
[White "Basso, Pier Luigi"]
[Black "Pruijssers, Roeland"]
[Result "0-1"]
[WhiteElo "2575"]
[BlackElo "2550"]
[EventDate "2019.10.19"]
[PlyCount "128"]

1.d4 d5 2.c4 e6 3.Nc3 Nf6 4.Nf3 Be7 5.Bf4 O-O 6.a3 dxc4 7.e3 Nd5 8.Bxc4 
Nxf4 9.exf4 Bf6 10.O-O Nc6 11.Ne2 Ne7 12.Qc2 Bd7 13.Bd3 g6 14.Be4 Bc6 15.
Bxc6 Nxc6 16.Rad1 Ne7 17.g3 Rc8 18.Nc3 Nf5 19.d5 Bxc3 20.dxe6 Nd4 21.Nxd4 
Bxd4 22.Qe4 Bxf2+ 23.Kxf2 Qf6 24.e7 Qxb2+ 25.Kg1 Rfe8 26.f5 Qf6 27.fxg6 
Qb6+ 28.Rf2 hxg6 29.Rd5 c5 30.Rd7 c4 31.Rxb7 Qc5 32.Kg2 c3 33.Rc2 Qxa3 34.
Qe5 a5 35.h4 Qc5 36.Qxc5 Rxc5 37.Kf3 f6 38.Ke4 Re5+ 39.Kd4 R5xe7 40.Rxe7 
Rxe7 41.Rxc3 Ra7 42.Ra3 a4 43.g4 Ra5 44.Ke3 Kf7 45.Kd4 Ke6 46.Ke4 Kf7 47.
Kf3 Kg7 48.Kf4 g5+ 49.hxg5 fxg5+ 50.Ke4 Kf6 51.Kd4 Ke6 52.Re3+ Kd6 53.Ra3 
Ra8 54.Ke4 Kc5 55.Kf5 Ra5 56.Ra1 Kd4+ 57.Kg6 a3 58.Ra2 Ke4 59.Kh5 Kf4 60.
Rf2+ Ke3 61.Ra2 Kd4 62.Kg6 Kc4 63.Rxa3 Rxa3 64.Kxg5 Kd5 0-1

[Event "23rd Hoogeveen op"]
[Site "Hoogeveen NED"]
[Date "2019.10.25"]
[Round "8.23"]
[White "Albers, Sasa"]
[Black "Nicolai, Amir"]
[Result "1/2-1/2"]
[WhiteElo "1975"]
[BlackElo "2117"]
[EventDate "2019.10.19"]
[PlyCount "74"]

1.e4 c5 2.Nf3 Nc6 3.c3 Nf6 4.e5 Nd5 5.Bc4 Nb6 6.Bb3 c4 7.Bc2 d5 8.exd6 
Qxd6 9.O-O Bg4 10.Qe2 O-O-O 11.b3 Qf6 12.bxc4 Bxf3 13.Qxf3 Qxf3 14.gxf3 
Nxc4 15.f4 g6 16.d4 e6 17.Nd2 Nxd2 18.Bxd2 Bh6 19.Be3 Rd5 20.Rab1 Kc7 21.
Rb2 Rb8 22.Be4 Ra5 23.Rfb1 Ra4 24.Kg2 b6 25.Rc1 Na5 26.Bd3 Nc4 27.Re2 b5 
28.Rb1 Kd6 29.h4 Rb6 30.h5 Ra3 31.hxg6 hxg6 32.Rb3 Ra4 33.Rb1 Bf8 34.Kf3 
Ra3 35.Rb3 Ra4 36.Rb1 Ra3 37.Rb3 Ra4 1/2-1/2

[Event "23rd Hoogeveen op"]
[Site "Hoogeveen NED"]
[Date "2019.10.25"]
[Round "8.34"]
[White "Van der Veen, Jan"]
[Black "Noordenbos, Daan"]
[Result "0-1"]
[WhiteElo "2043"]
[BlackElo "2133"]
[EventDate "2019.10.19"]
[PlyCount "70"]

1.e4 e6 2.d4 d5 3.Nc3 Bb4 4.exd5 exd5 5.Bd3 Nc6 6.Ne2 Bg4 7.f3 Bh5 8.O-O 
Nge7 9.a3 Ba5 10.Be3 Qd7 11.Na4 Bb6 12.Nxb6 axb6 13.Nf4 Bg6 14.Nxg6 hxg6 
15.Bf2 O-O 16.Qd2 Nf5 17.Qf4 Rac8 18.Rae1 Nd6 19.Re2 Rfe8 20.Rfe1 Rxe2 21.
Rxe2 Re8 22.Rxe8+ Qxe8 23.b3 Qa8 24.Qc1 Na5 25.g4 Qc8 26.Qf4 Qd7 27.Qg5 
Ne8 28.h4 Nf6 29.Kg2 Nc6 30.c3 Nd8 31.Qe5 Ne6 32.Bg3 Qc6 33.Qe1 Qd7 34.a4 
Qe7 35.b4 Nf4+ 0-1

[Event "23rd Hoogeveen knock-out"]
[Site "Hoogeveen NED"]
[Date "2019.10.25"]
[Round "1.1"]
[White "Ernst, Sipke"]
[Black "Werle, Jan"]
[Result "1-0"]
[WhiteElo "2523"]
[BlackElo "2544"]
[EventDate "2019.10.19"]
[PlyCount "121"]

1.d4 Nf6 2.c4 e6 3.g3 d5 4.Nf3 Be7 5.Bg2 O-O 6.Nc3 dxc4 7.Ne5 Nc6 8.Bxc6 
bxc6 9.Nxc6 Qe8 10.Nxe7+ Qxe7 11.Qa4 c5 12.dxc5 Qxc5 13.Be3 Qc7 14.O-O-O 
e5 15.f3 Be6 16.Qa6 Rfb8 17.Rd2 Ne8 18.Rhd1 h6 19.g4 Qe7 20.Qa5 f6 21.h4 
Qc7 22.Qxc7 Nxc7 23.Rd6 Rc8 24.Rc6 f5 25.gxf5 Bxf5 26.Rc5 a6 27.Rxe5 Re8 
28.Rxf5 Rxe3 29.Rd7 Nb5 30.Kd2 Re6 31.Ne4 Rc8 32.a4 c3+ 33.bxc3 Na3 34.Ke1
Nc4 35.Rff7 Rg6 36.h5 Rg2 37.Rc7 Rb8 38.Rb7 Rd8 39.Rfd7 Rf8 40.Rdc7 Ne3 
41.Rc6 Rd8 42.Rd6 Rxd6 43.Nxd6 Rg5 44.Ra7 Ra5 45.c4 Rxh5 46.Kd2 Nf1+ 47.
Kd3 Ra5 48.e4 Ng3 49.f4 Nh5 50.f5 Ng3 51.Rc7 h5 52.Rc8+ Kh7 53.Nf7 Nxf5 
54.exf5 Rxf5 55.Rh8+ Kg6 56.Nd6 Ra5 57.Ne4 Rxa4 58.c5 Ra1 59.c6 Rd1+ 60.
Nd2 Rc1 61.Nc4 1-0

[Event "23rd Hoogeveen knock-out"]
[Site "Hoogeveen NED"]
[Date "2019.10.25"]
[Round "1.1"]
[White "Sindarov, Javokhir"]
[Black "Kirchei, Viktoriia"]
[Result "1-0"]
[WhiteElo "2513"]
[BlackElo "2051"]
[EventDate "2019.10.19"]
[PlyCount "91"]

1.e4 e5 2.Nf3 Nc6 3.Bb5 a6 4.Ba4 Nf6 5.O-O b5 6.Bb3 Be7 7.a4 Bb7 8.d3 O-O 
9.Nc3 b4 10.Nd5 d6 11.Bd2 a5 12.c3 bxc3 13.bxc3 Ba6 14.Qc2 Qd7 15.h3 h6 
16.Be3 Rab8 17.Nd2 Nh5 18.Rfb1 Bg5 19.Bc4 Bxc4 20.Nxc4 Bxe3 21.fxe3 Rxb1+ 
22.Rxb1 f5 23.exf5 Rxf5 24.Qe2 Qf7 25.e4 Ng3 26.Qe3 Rf1+ 27.Rxf1 Qxf1+ 28.
Kh2 Ne2 29.Nxc7 Nxc3 30.Nd5 Nxa4 31.Nxd6 Nb4 32.Qg3 Nxd5 33.exd5 Qf4 34.
Nc4 Nc3 35.d6 Qxg3+ 36.Kxg3 Kf8 37.Nxa5 e4 38.Nb7 Ke8 39.dxe4 Nxe4+ 40.Kf4
Nf6 41.Nc5 Kf7 42.Ke5 h5 43.Ne4 Nxe4 44.Kxe4 Ke6 45.h4 Kxd6 46.Kf5 1-0

[Event "23rd Hoogeveen op"]
[Site "Hoogeveen NED"]
[Date "2019.10.26"]
[Round "9.3"]
[White "Akash, Ganesan"]
[Black "Harutjunyan, Gevorg"]
[Result "1-0"]
[WhiteElo "2449"]
[BlackElo "2428"]
[EventDate "2019.10.19"]
[PlyCount "47"]

1.e4 c5 2.Nf3 e6 3.d4 cxd4 4.Nxd4 a6 5.Nc3 Qc7 6.Bd3 Nf6 7.Qe2 Bd6 8.Nf3 
Nc6 9.O-O b5 10.Re1 Ng4 11.h3 Nge5 12.a4 b4 13.Nd5 Nxf3+ 14.Qxf3 exd5 15.
exd5+ Ne5 16.Bf4 O-O 17.Rxe5 Bxe5 18.Qe4 Re8 19.Qxh7+ Kf8 20.Re1 Bb7 21.
Qh8+ Ke7 22.Qxg7 Kd8 23.Rxe5 Qc5 24.Qf6+ 1-0

[Event "23rd Hoogeveen op"]
[Site "Hoogeveen NED"]
[Date "2019.10.26"]
[Round "9.7"]
[White "Zwirs, Nico"]
[Black "Kaasen, Tor Fredrik"]
[Result "1-0"]
[WhiteElo "2421"]
[BlackElo "2415"]
[EventDate "2019.10.19"]
[PlyCount "78"]

1.e4 c5 2.Nf3 d6 3.d4 cxd4 4.Nxd4 Nf6 5.Nc3 a6 6.Be3 e5 7.Nb3 Be6 8.Qd2 
Be7 9.f3 O-O 10.O-O-O Nbd7 11.g4 b5 12.g5 Nh5 13.Nd5 Bxd5 14.exd5 f6 15.h4
Ng3 16.Rg1 Nxf1 17.Rdxf1 a5 18.g6 h6 19.Bxh6 f5 20.Be3 a4 21.Na1 f4 22.Bf2
Nf6 23.h5 Qa5 24.Qd3 a3 25.b3 Rac8 26.Rd1 Qc3 27.Qxc3 Rxc3 28.Rd3 Rxd3 29.
cxd3 Nxd5 30.Nc2 b4 31.Be1 Rb8 32.Bd2 Bd8 33.Re1 Rb5 34.Re4 Ba5 35.Rc4 Rc5
36.Nxa3 Kf8 37.Nc2 Nb6 38.Bxb4 Rd5 39.Rc6 Nd7 1-0

[Event "23rd Hoogeveen op"]
[Site "Hoogeveen NED"]
[Date "2019.10.26"]
[Round "9.10"]
[White "Dixit, Nikhil"]
[Black "Hilwerda, Jonas"]
[Result "1/2-1/2"]
[WhiteElo "2358"]
[BlackElo "2229"]
[EventDate "2019.10.19"]
[PlyCount "56"]

1.e4 e5 2.Nf3 Nc6 3.Nc3 Nf6 4.d4 exd4 5.Nxd4 Bb4 6.Nxc6 bxc6 7.Bd3 O-O 8.
O-O d5 9.exd5 Bg4 10.f3 Bh5 11.Bg5 cxd5 12.Bxf6 Qxf6 13.Nxd5 Qxb2 14.Nxb4 
Qxb4 15.Qe1 Qb6+ 16.Qf2 Rab8 17.f4 f6 18.a4 Qxf2+ 19.Kxf2 Rfe8 20.Rfb1 Bf7
21.Rb5 c6 22.Rxb8 Rxb8 23.Be4 Bd5 24.Bxd5+ cxd5 25.Rd1 Rb4 26.Ke3 Re4+ 27.
Kf3 Rxa4 28.Rxd5 Rc4 1/2-1/2

[Event "23rd Hoogeveen op"]
[Site "Hoogeveen NED"]
[Date "2019.10.26"]
[Round "9.12"]
[White "De Jong, Migchiel"]
[Black "Mueer, Sebastian"]
[Result "1-0"]
[WhiteElo "2330"]
[BlackElo "2194"]
[EventDate "2019.10.19"]
[PlyCount "95"]

1.e4 c5 2.Nf3 d6 3.Bb5+ Nd7 4.d4 cxd4 5.Qxd4 a6 6.Bxd7+ Bxd7 7.Nc3 e5 8.
Qd3 h6 9.O-O Nf6 10.a4 Rc8 11.Rd1 Qc7 12.Nd2 Be7 13.Nf1 O-O 14.Ne3 Be6 15.
Bd2 Qc5 16.Be1 g6 17.b4 Qc7 18.Ncd5 Nxd5 19.Nxd5 Bxd5 20.Qxd5 Qc6 21.c3 
Qxd5 22.Rxd5 Rc4 23.f3 f5 24.exf5 gxf5 25.Bd2 h5 26.f4 Rd8 27.Rf1 Kf7 28.
fxe5 Ke6 29.exd6 Kxd5 30.dxe7 Re8 31.Rxf5+ Ke6 32.Rxh5 Rxe7 33.Kf2 Re4 34.
Be3 Kd7 35.Rd5+ Kc6 36.Rc5+ Kd6 37.Bd4 Re2+ 38.Kf3 Ra2 39.a5 Rf7+ 40.Kg3 
Rd2 41.h4 Rf8 42.Rg5 Ke6 43.h5 Rf5 44.Rg6+ Kf7 45.Kg4 Rd5 46.Kh4 Rd1 47.g4
Rd3 48.Rg7+ 1-0

[Event "23rd Hoogeveen op"]
[Site "Hoogeveen NED"]
[Date "2019.10.26"]
[Round "9.13"]
[White "Blagojevic, Tijana"]
[Black "De Boer, Eelke"]
[Result "0-1"]
[WhiteElo "2151"]
[BlackElo "2323"]
[EventDate "2019.10.19"]
[PlyCount "86"]

1.e4 c5 2.Nf3 d6 3.Bb5+ Nd7 4.O-O a6 5.Bd3 Ngf6 6.c3 b5 7.Bc2 e5 8.d4 Be7 
9.Re1 O-O 10.h3 Qc7 11.a4 Bb7 12.d5 c4 13.Na3 Qb6 14.Be3 Nc5 15.Nh4 Rfc8 
16.Nf5 Bf8 17.Qf3 Ne8 18.Kh2 Rc7 19.g4 Rb8 20.Rg1 Bc8 21.Ng3 Qb7 22.axb5 
axb5 23.Rg2 Na6 24.Rag1 b4 25.Nb1 Nc5 26.Nh5 b3 27.Bd1 Nd3 28.Qe2 Ra8 29.
Na3 Qa6 30.g5 Nxb2 31.Nf6+ Nxf6 32.gxf6 g6 33.Qh5 Nxd1 34.Bh6 Bg4 35.Rxg4 
Nxf2 36.R4g2 Nxe4 37.Rxg6+ fxg6 38.Rxg6+ hxg6 39.Qxg6+ Kh8 40.Bxf8 Qa7 41.
Bg7+ Rxg7 42.fxg7+ Qxg7 43.Qxe4 Qg5 0-1

[Event "23rd Hoogeveen op"]
[Site "Hoogeveen NED"]
[Date "2019.10.26"]
[Round "9.14"]
[White "Dev, Shah"]
[Black "Wiersma, Eelke"]
[Result "1/2-1/2"]
[WhiteElo "2025"]
[BlackElo "2321"]
[EventDate "2019.10.19"]
[PlyCount "33"]

1.d4 Nf6 2.c4 e6 3.Nc3 Bb4 4.e3 c5 5.Ne2 b6 6.a3 Ba5 7.Bd2 O-O 8.Ng3 Bb7 
9.Rb1 Bxc3 10.Bxc3 d5 11.cxd5 Nxd5 12.Bd3 Nc6 13.dxc5 bxc5 14.O-O Nxc3 15.
bxc3 Rb8 16.Ne4 Qe7 17.Nd6 1/2-1/2

[Event "23rd Hoogeveen op"]
[Site "Hoogeveen NED"]
[Date "2019.10.26"]
[Round "9.15"]
[White "Emans, Job"]
[Black "Elgersma, Onno"]
[Result "0-1"]
[WhiteElo "2028"]
[BlackElo "2306"]
[EventDate "2019.10.19"]
[PlyCount "149"]

1.d4 d5 2.c4 e6 3.Nf3 Nf6 4.g3 Be7 5.Bg2 O-O 6.O-O dxc4 7.Qc2 a6 8.Qxc4 b5
9.Qc2 Bb7 10.Bd2 Be4 11.Qb3 Nc6 12.e3 b4 13.Rc1 Bd5 14.Qc2 Rc8 15.Ng5 Bxg2
16.Kxg2 Nb8 17.a3 c5 18.Nf3 Qd7 19.Qb3 cxd4 20.Rxc8 Rxc8 21.Nxd4 bxa3 22.
Nxa3 Ne4 23.Be1 Nc5 24.Qd1 Qb7+ 25.Kg1 Qxb2 26.Nc4 Qb7 27.Rb1 Qe4 28.Bb4 
Nbd7 29.f3 Qd5 30.Qe2 Rb8 31.Qc2 h6 32.Kg2 Bf6 33.Ne2 a5 34.Rd1 Qc6 35.
Bxa5 Nb3 36.Qe4 Qxe4 37.fxe4 Ndc5 38.Kf3 Nxa5 39.Nxa5 Ra8 40.Nc6 Ra6 41.
Ncd4 Nd7 42.h3 Ne5+ 43.Kf2 Ra3 44.Nb5 Rb3 45.Nbd4 Rb2 46.Nf3 Nc4 47.Rd3 g6
48.Kf1 Kg7 49.Kf2 h5 50.Kf1 Rb4 51.Nfd4 Nxe3+ 52.Rxe3 Bxd4 53.Nxd4 Rxd4 
54.e5 Rd2 55.Rf3 g5 56.Ke1 Rh2 57.Kf1 Rh1+ 58.Kf2 Ra1 59.Re3 Ra5 60.Kf3 
Kg6 61.g4 h4 62.Ke4 Ra4+ 63.Kf3 Rf4+ 64.Ke2 Kg7 65.Ke1 Kf8 66.Ke2 Ke7 67.
Kd2 Rf2+ 68.Kc3 Rg2 69.Kc4 Rg3 70.Kd4 Kd7 71.Ke4 Rxe3+ 72.Kxe3 Kc6 73.Kd4 
Kb5 74.Ke3 Kc4 75.Ke4 0-1

[Event "23rd Hoogeveen op"]
[Site "Hoogeveen NED"]
[Date "2019.10.26"]
[Round "9.16"]
[White "Van Dael, Siem"]
[Black "Van Foreest, Machteld"]
[Result "0-1"]
[WhiteElo "2273"]
[BlackElo "2142"]
[EventDate "2019.10.19"]
[PlyCount "80"]

1.h4 e5 2.c4 Nf6 3.Nc3 Nc6 4.g3 d5 5.cxd5 Nxd5 6.Bg2 Be6 7.Nf3 f6 8.d3 Qd7
9.O-O O-O-O 10.d4 Qe8 11.e4 Nxc3 12.bxc3 exd4 13.Nxd4 Qd7 14.Qc2 Nxd4 15.
cxd4 Qxd4 16.Rb1 Qd3 17.Qb2 b6 18.a4 Bc5 19.Bf4 Bd4 20.Qb4 Bc5 21.Qe1 g5 
22.Be3 Bxe3 23.fxe3 Rhf8 24.Qc1 gxh4 25.Qc6 Qc4 26.Qb5 Rd2 27.Qxc4 Bxc4 
28.Rf4 Rg8 29.Rf2 Rxf2 30.Kxf2 hxg3+ 31.Kf3 Be6 32.Rh1 h5 33.Rh4 Bd7 34.a5
bxa5 35.Rh1 a4 36.Kf4 Rg4+ 37.Kf3 Rg5 38.Kf4 a3 39.Rf1 a2 40.Rf3 Rg4# 0-1

[Event "23rd Hoogeveen op"]
[Site "Hoogeveen NED"]
[Date "2019.10.26"]
[Round "9.18"]
[White "Takawira, Erick"]
[Black "Giacomini, Hector"]
[Result "1/2-1/2"]
[WhiteElo "2101"]
[BlackElo "2145"]
[EventDate "2019.10.19"]
[PlyCount "127"]

1.e4 c6 2.d4 d5 3.Nc3 dxe4 4.Nxe4 Bf5 5.Ng3 Bg6 6.h4 h6 7.Nf3 Nd7 8.h5 Bh7
9.Bd3 Bxd3 10.Qxd3 e6 11.Bf4 Ngf6 12.O-O-O Be7 13.Ne5 O-O 14.Rhe1 a5 15.
Ne4 Nxe4 16.Qxe4 Nf6 17.Qe2 a4 18.Ng6 Re8 19.Nxe7+ Rxe7 20.Be5 Rd7 21.g4 
Nh7 22.Qe3 b5 23.Rg1 f6 24.Bf4 Re7 25.Qa3 Rd7 26.Qc5 Rc8 27.Rge1 Rd5 28.
Qc3 Qd7 29.Be3 Rd8 30.Rd3 f5 31.gxf5 Rxf5 32.Rg1 Rxh5 33.Bf4 Qd5 34.Rdg3 
Rd7 35.b3 Nf6 36.Qe3 Kh7 37.Be5 Rf5 38.Rg6 axb3 39.axb3 Qf3 40.R1g2 Qxe3+ 
41.fxe3 h5 42.e4 Rf1+ 43.Kb2 Rf7 44.R6g5 Rh1 45.Bxf6 gxf6 46.Rc5 Kh6 47.
Rxc6 h4 48.Rxe6 h3 49.Rg3 Kh5 50.Re8 Kh4 51.Rf3 Kg4 52.Rf5 Rg7 53.Rh8 Kg3 
54.Rxf6 Rg4 55.d5 Rxe4 56.Rg6+ Rg4 57.Rxg4+ Kxg4 58.c4 b4 59.d6 Rd1 60.c5 
Rd2+ 61.Kb1 Rd1+ 62.Kb2 Rd2+ 63.Kb1 Rd1+ 64.Kb2 1/2-1/2

[Event "23rd Hoogeveen op"]
[Site "Hoogeveen NED"]
[Date "2019.10.26"]
[Round "9.27"]
[White "Fehr, Axel"]
[Black "Elgersma, Simon"]
[Result "1/2-1/2"]
[WhiteElo "2045"]
[BlackElo "2111"]
[EventDate "2019.10.19"]
[PlyCount "62"]

1.e4 c6 2.d4 d5 3.e5 Bf5 4.Nf3 e6 5.Be2 Ne7 6.Nbd2 Ng6 7.Nb3 Nd7 8.Be3 f6 
9.exf6 Qxf6 10.Qd2 Bd6 11.h4 Bg4 12.Ng5 Bxe2 13.Qxe2 h6 14.Nf3 Nf4 15.Bxf4
Bxf4 16.g3 Bd6 17.Nh2 O-O-O 18.O-O-O e5 19.Ng4 Qe7 20.Nxe5 Nxe5 21.dxe5 
Bxe5 22.Rhe1 Rhe8 23.Qg4+ Qd7 24.Qxd7+ Kxd7 25.c4 Kc7 26.cxd5 Rxd5 27.Rxd5
cxd5 28.Kc2 Re7 29.f4 Bf6 30.Rxe7+ Bxe7 31.h5 Bf6 1/2-1/2

[Event "23rd Hoogeveen op"]
[Site "Hoogeveen NED"]
[Date "2019.10.26"]
[Round "9.28"]
[White "Taams, Sander"]
[Black "Slagboom, Leandro"]
[Result "1/2-1/2"]
[WhiteElo "2094"]
[BlackElo "1954"]
[EventDate "2019.10.19"]
[PlyCount "99"]

1.e4 c5 2.Nf3 d6 3.d4 cxd4 4.Nxd4 Nf6 5.Nc3 a6 6.Be3 e5 7.Nb3 Be6 8.f3 h5 
9.Qd2 Nbd7 10.O-O-O Be7 11.Qf2 b5 12.Kb1 Qc7 13.Be2 b4 14.Nd5 Nxd5 15.exd5
Bf5 16.Bd3 Bxd3 17.Rxd3 a5 18.Nd2 f5 19.Qe2 Nc5 20.Bxc5 Qxc5 21.b3 O-O 22.
Nc4 a4 23.Qe3 axb3 24.cxb3 Qxe3 25.Rxe3 Ra6 26.Re2 g6 27.Rc1 Rfa8 28.h3 h4
29.Rg1 f4 30.Rd1 Kf7 31.Rc2 R8a7 32.Nd2 Ke8 33.Ne4 Kd7 34.Rdd2 Kd8 35.Rc4 
Rb6 36.Rdc2 Kd7 37.Rc8 Rb5 38.Rg8 Rxd5 39.Rxg6 Rd1+ 40.Kb2 d5 41.Nf2 Re1 
42.Rd2 Kc7 43.Nd3 Re3 44.Rg7 Kb6 45.Nc1 Rd7 46.Re2 Rxe2+ 47.Nxe2 d4 48.Kc1
d3 49.Ng1 d2+ 50.Kd1 1/2-1/2

[Event "23rd Hoogeveen op"]
[Site "Hoogeveen NED"]
[Date "2019.10.26"]
[Round "9.29"]
[White "Van der Hagen, Loek"]
[Black "Stavast, Dick"]
[Result "1/2-1/2"]
[WhiteElo "1983"]
[BlackElo "2068"]
[EventDate "2019.10.19"]
[PlyCount "119"]

1.e4 d6 2.d4 Nf6 3.Nc3 e5 4.Nf3 Nbd7 5.g4 g6 6.g5 Nh5 7.Be3 Bg7 8.Be2 c6 
9.Qd2 a6 10.O-O-O b5 11.d5 c5 12.Rdg1 Qa5 13.Kb1 Nb6 14.Qc1 b4 15.Nd1 Nf4 
16.Bxf4 exf4 17.Qxf4 O-O 18.Qxd6 Bd7 19.Nd2 Ba4 20.Nb3 Bxb3 21.cxb3 Rfe8 
22.Qf4 Nxd5 23.Qf3 Nc7 24.Bc4 Ne6 25.Ne3 Qc7 26.Bxe6 Rxe6 27.Nc4 Rae8 28.
Qg3 Qe7 29.f3 f5 30.exf5 gxf5 31.h4 Re2 32.h5 Bd4 33.Rd1 Qe6 34.g6 h6 35.
Rh2 f4 36.Qxf4 Rxh2 37.Qxh2 Qf5+ 38.Ka1 Qxf3 39.Rc1 Re2 40.Qb8+ Kg7 41.
Qa7+ Kf8 42.Qxa6 Qf4 43.Qa8+ Kg7 44.Qb7+ Kg8 45.Rd1 Kf8 46.Qc8+ Kg7 47.
Qd7+ Kf6 48.g7 Qg3 49.Rf1+ Rf2 50.g8=N+ Qxg8 51.Qd6+ Kf5 52.Rxf2+ Bxf2 53.
Qe5+ Kg4 54.Qe4+ Kxh5 55.Qh1+ Bh4 56.Ne3 Qg3 57.Qd1+ Kg6 58.Qd3+ Kf6 59.
Qd8+ Ke6 60.Qd5+ 1/2-1/2

[Event "23rd Hoogeveen op"]
[Site "Hoogeveen NED"]
[Date "2019.10.26"]
[Round "9.31"]
[White "Shakhverdian, William"]
[Black "Tabak, Stefan"]
[Result "0-1"]
[WhiteElo "2109"]
[BlackElo "2181"]
[EventDate "2019.10.19"]
[PlyCount "50"]

1.d4 f5 2.g3 Nf6 3.Bg2 g6 4.c4 Bg7 5.Nf3 d6 6.O-O O-O 7.Nc3 c6 8.Qc2 Qe8 
9.b3 h6 10.Ba3 g5 11.Rad1 Qh5 12.e4 fxe4 13.Nxe4 Bg4 14.Ned2 Nbd7 15.Rde1 
Rf7 16.Re3 Nf8 17.Rfe1 Ng6 18.h3 Bxh3 19.Bxh3 g4 20.Bg2 gxf3 21.Bxf3 Ng4 
22.Bxg4 Qxg4 23.Qe4 Nf4 24.Rf3 Raf8 25.Ree3 Bxd4 0-1

[Event "23rd Hoogeveen op"]
[Site "Hoogeveen NED"]
[Date "2019.10.26"]
[Round "9.34"]
[White "Van der Veen, Jan"]
[Black "Labruyere, Roger"]
[Result "0-1"]
[WhiteElo "2043"]
[BlackElo "1932"]
[EventDate "2019.10.19"]
[PlyCount "76"]

1.e4 c5 2.Nf3 d6 3.Bb5+ Bd7 4.Bxd7+ Qxd7 5.O-O Nc6 6.c3 Nf6 7.Re1 e6 8.d4 
cxd4 9.cxd4 d5 10.e5 Ne4 11.Nbd2 Nxd2 12.Bxd2 Be7 13.Bg5 O-O 14.Bxe7 Qxe7 
15.Re3 Rac8 16.Rc1 Na5 17.Rec3 Rxc3 18.Rxc3 Qb4 19.Qc1 Nc6 20.a3 Qb6 21.
Qd2 a5 22.b3 h6 23.g3 Na7 24.a4 Nc6 25.Rd3 Rc8 26.Rc3 Qb4 27.Qb2 Kf8 28.
Rc5 Qb6 29.Ne1 Ke7 30.Kg2 Kd7 31.Nd3 Qa6 32.Rb5 b6 33.Qa3 Nxd4 34.Qd6+ Ke8
35.Nc5 Qa7 36.Rxb6 Nf5 37.Nb7 Nxd6 38.Nxd6+ Kd7 0-1

[Event "23rd Hoogeveen knock-out"]
[Site "Hoogeveen NED"]
[Date "2019.10.26"]
[Round "2.1"]
[White "Sindarov, Javokhir"]
[Black "Ernst, Sipke"]
[Result "0-1"]
[WhiteElo "2513"]
[BlackElo "2523"]
[EventDate "2019.10.19"]
[PlyCount "76"]

1.e4 e5 2.Nf3 Nc6 3.Bb5 a6 4.Ba4 Nf6 5.O-O Be7 6.Bxc6 dxc6 7.d3 Bg4 8.h3 
Bxf3 9.Qxf3 Nd7 10.Nd2 Bf6 11.Nc4 Qe7 12.a4 a5 13.Bd2 b6 14.Kh1 h5 15.d4 
g6 16.Rfe1 O-O 17.Rad1 Rfe8 18.Bc3 exd4 19.Bxd4 Bxd4 20.Rxd4 b5 21.axb5 
cxb5 22.Ne3 Nf6 23.Red1 c6 24.Rd6 Nxe4 25.Rxc6 Nxf2+ 26.Qxf2 Qxe3 27.Qf1 
Rad8 28.Rxd8 Rxd8 29.Rc3 Qe5 30.Rd3 Rxd3 31.Qxd3 a4 32.c3 b4 33.Qa6 a3 34.
bxa3 b3 35.Qc8+ Kg7 36.Qb7 Qxc3 37.Qb8 b2 38.Kh2 h4 0-1

[Event "23rd Hoogeveen knock-out"]
[Site "Hoogeveen NED"]
[Date "2019.10.26"]
[Round "2.1"]
[White "Werle, Jan"]
[Black "Kirchei, Viktoriia"]
[Result "1-0"]
[WhiteElo "2544"]
[BlackElo "2051"]
[EventDate "2019.10.19"]
[PlyCount "69"]

1.Nf3 Nf6 2.c4 e6 3.g3 Be7 4.Bg2 O-O 5.O-O d5 6.d4 dxc4 7.Qc2 a6 8.a4 Bd7 
9.Qxc4 Bc6 10.Bg5 Bd5 11.Qc2 Be4 12.Qd1 Nc6 13.Nbd2 Bg6 14.Nb3 h6 15.Bxf6 
Bxf6 16.Rc1 Qd6 17.e3 Nb4 18.Nfd2 Nd3 19.Rc3 Nxb2 20.Qa1 Nd3 21.Bxb7 Rab8 
22.Be4 Nb4 23.Bxg6 fxg6 24.Ne4 Qd5 25.Nbd2 c6 26.Rc5 Qd8 27.Nxf6+ Qxf6 28.
Qb1 Nd5 29.Qc2 Rb7 30.Rxc6 Nb4 31.Qb3 Qf7 32.Rc5 Nd5 33.Qc2 Rb4 34.Rc8 Nb6
35.Rxf8+ 1-0